000 00826nam0a22002651 4500
001 v19\rc\1459467
005 20250618143103.0
035 _a(NLR Aleph) 004597644
090 _a2742563
_c2742563
100 _a20060620d1875 |||y0rusy50 ca
101 0 _arus
102 _aRU
105 _ay z |||||
200 1 _aПособие унтер-офицерам при обучении вверенных им чинов
_f[С. Ганницкий]
210 _aКиев
_cтип. С.Т. Еремеева
_d1875
215 _a[2], 182-210 с.
_d16
300 _aАвт. указан в конце текста
700 1 _aГанницкий
_bС.
801 0 _aRU
_bNLR
_gpsbo
801 0 _aRU
_bRuMoRGB
_2psbo
801 1 _aRU
_bProSoft-M
_2rusmarc
852 _aNLR
_j18.125.7.89
899 _aБАН
942 _cBOOK
980 _aNB